Machinery Japan 1977 = Machinerie japonese
Đã lưu trong:
| Údar Corparáideach: | |
|---|---|
| Formáid: | Leabhar |
| Teanga: | Undetermined |
| Foilsithe: |
Japan
Japan Machinery Exporters' Association
1977
|
| Ábhair: | |
| Clibeanna: |
Cuir Clib Leis
Gan Chlibeanna, Bí ar an gcéad duine leis an taifead seo a chlibeáil!
|
| Thư viện lưu trữ: | Trung tâm Học liệu Trường Đại học Cần Thơ |
|---|
| LEADER | 00589nam a2200205Ia 4500 | ||
|---|---|---|---|
| 001 | CTU_96434 | ||
| 008 | 210402s9999 xx 000 0 und d | ||
| 082 | |a 330.09 | ||
| 082 | |b J35 | ||
| 110 | |a Japan Machinery Exporters' Association | ||
| 245 | 0 | |a Machinery Japan 1977 = | |
| 245 | 0 | |b Machinerie japonese | |
| 245 | 0 | |c Japan Machinery Exporters' Association | |
| 260 | |a Japan | ||
| 260 | |b Japan Machinery Exporters' Association | ||
| 260 | |c 1977 | ||
| 650 | |a Machinery industry | ||
| 650 | |z Japan | ||
| 904 | |i Giang | ||
| 980 | |a Trung tâm Học liệu Trường Đại học Cần Thơ | ||